| 000 | 00755cam a22001691 4500 | ||
|---|---|---|---|
| 082 |
_a661.08 _bPRO _cL-7, P-22 |
||
| 100 | 1 |
_aMurphy, George Moseley, _944794 |
|
| 245 | 1 | 0 |
_aProduction of heavy water. _cPart I by James O. Maloney, George F. Quinn, andHarold S. Ray. Part II by Maxwell L. Eidinoff [and others] Editors: George M. Murphy, Harold C. Urey [and]5Isidor Kirshenbaum. |
| 250 | _a1st ed. | ||
| 260 |
_aNew York, _bMcGraw-Hill, _c1955. |
||
| 300 |
_axvii, 394 p. _billus. _c24 cm. |
||
| 490 | 0 | _aNational nuclear energy series, Manhattan Project technical section. Division III []special Separations Project] v. 4F | |
| 526 |
_a0 _b0 _c0 _d661_080000000000000_PRO |
||
| 650 | 0 |
_aDeuterium oxide. _944795 |
|
| 650 | 0 |
_aMCE _9379 |
|
| 942 |
_2ddc _cBK |
||
| 999 |
_c548479 _d548479 |
||